01009nam a2200241 a 450000100100000000500170001000800410002704000250006808200210009310000370011424501130015126000540026430000210031849000520033950000700039150400730046158600190053465000560055365000240060965000260063371000560065983000520071500000896920251120073732.0090922s1989 dr r 000 p spa d aDO-SdBNPbspacBNPHU aRD861.009bR789c1 aRosario Candelier, Bruno,d1941-13aLa creación mitopoética :bsímbolos y arquetipos en la lírica dominicana /cBruno Rosario Candelier. aSantiago, República Dominicana :bPUCMM,c1989. a252 p. ;c24 cm.1 aEstudios/Universidad Católica Madre y Maestra aIncluye datos biográficos del autor en la solapa de la cubierta aIncluye referencias bibliográficas y notas al pie de las páginas aPremio Siboney 4aPoesía dominicanaySIGLO XXxHistoria y crítica 4aLiteratura domicana 4aMito en la literatura2 aPontificia Universidad Católica Madre y Maestra  0aEstudios/Universidad Católica Madre y Maestra